Control Engineering: Theory, Worked Examples and Problems (Record no. 10914)

000 -LEADER
fixed length control field 00375nam a2200145Ia 4500
008 - FIXED-LENGTH DATA ELEMENTS--GENERAL INFORMATION
fixed length control field 200103s9999||||xx |||||||||||||| ||und||
020 ## - INTERNATIONAL STANDARD BOOK NUMBER
International Standard Book Number 0333197763,
082 ## - DEWEY DECIMAL CLASSIFICATION NUMBER
Classification number Column-60
100 ## - MAIN ENTRY--PERSONAL NAME
Personal name Buckley, R. V.
245 #0 - TITLE STATEMENT
Title Control Engineering: Theory, Worked Examples and Problems
260 ## - PUBLICATION, DISTRIBUTION, ETC. (IMPRINT)
Name of publisher, distributor, etc Macmillan, London
Date of publication, distribution, etc 1976
300 ## - PHYSICAL DESCRIPTION
Extent vii, 112
942 ## - ADDED ENTRY ELEMENTS (KOHA)
Item type Books
Holdings
Withdrawn status Lost status Damaged status Not for loan Shelving location Date acquired Barcode Date last seen Koha item type
          2020-01-08 LBS6862 2025-03-17 Books
Copyright © 2021 Indian Maritime University, Mumbai Port Campus. All Rights Reserved. Managed & Maintained by Central Library, IMU-Mumbai

webs counters

Powered by Koha